Economics in our times

Guardat en:
Dades bibliogràfiques
Autor principal: Arnold, Roger A
Format: Llibre
Publicat: Lincolnwood, Illinois 1999
Etiquetes: Afegir etiqueta
Sense etiquetes, Sigues el primer a etiquetar aquest registre!
Thư viện lưu trữ: Mạng thư viện Đại học Đà Nẵng
LEADER 00541nam a2200229 a 4500
001 000029236
003 34332
005 20171030145630.0
008 171030s1999
040 |a LTT 
082 0 |a 330  |b AR-R 
100 1 |a Arnold, Roger A 
245 0 0 |a Economics in our times  |c Roger A. Arnold. 
260 |b Lincolnwood, Illinois  |c 1999 
500 |a ASIA 
OWN |a LTT 
999 |a From the UDN01 
TYP |a Monograph 
TYP |a Printed language 
980 |a Mạng thư viện Đại học Đà Nẵng